000 00367nam a2200133Ia 4500
008 220217s9999||||xx |||||||||||||| ||und||
020 _a9788121900034
082 _a624.1834 SHE
100 _aShetty M.S
_9172
245 0 _aConcrete technology
260 _aS.Chand and company
_bNew Delhi
_c2015
300 _aXXXVI, 660p.
_b695
650 _aCONCRETE TECHNOLOGY
999 _c186524
_d186524